000 00281nam a22001217a 4500
008 171024b xxu||||| |||| 00| 0 eng d
041 _aeng
080 _23 ED
_a311
100 _a55
101 _aSTA
245 _aWORK SHOP STATISTICS DISCOVERY
_cROSSMAN.AJ
942 _2udc
_cBK
999 _c35634
_d35634